[Event "2021 FIDE Online Olympiad"]
[Site "Chess.com"]
[Date "2021.09.03"]
[Round "6"]
[Board "5"]
[White "Winkelman, Albert"]
[Black "Tarigan, Gilbert Elroy"]
[Result "0-1"]
[WhiteElo "2257"]
[BlackElo "2084"]
[PlyCount "128"]
[EventDate "2021.09.02"]
[EventType "team"]
[EventRounds "9"]
[EventCountry "FID"]
[WhiteTeam "Australia"]
[BlackTeam "Indonesia"]

1. e4  c5  2. Nf3  Nc6  3. d4  cxd4  4. Nxd4  Nf6  5. Nc3  d6  6. Bg5  e6  7. Qd2  a6  8. O-O-O  Bd7  9. Nxc6  Bxc6  10. f3  b5  11. Ne2  Be7  12. h4  h6  13. Be3  h5  14. Nd4  Bb7  15. Kb1  Rc8  16. c3  Nd7  17. Bg5  Ne5  18. Bxe7  Qxe7  19. Nb3  Rd8  20. Qd4  O-O  21. Be2  Ng6  22. Rd2  Qc7  23. Rhd1  d5  24. Qc5  Qb8  25. Na5  dxe4  26. Nxb7  Rxd2  27. Rxd2  Qxb7  28. Qxh5  b4  29. c4  b3  30. axb3  e3  31. Rc2  Qb4  32. Qg5  Qe1+  33. Ka2  Nxh4  34. Qxe3  Nxg2  35. Qg5  Nh4  36. c5  Qa5+  37. Kb1  Ng6  38. Qe3  Ne7  39. Bd3  Nd5  40. Qe4  Nf6  41. Qh4  Rd8  42. Rc3  Nd5  43. Rc1  Nb4  44. Qh7+  Kf8  45. Rc3  Rxd3  46. Rxd3  Qa2+  47. Kc1  Qa1+  48. Kd2  Qxb2+  49. Ke3  Qe5+  50. Kd2  Qb2+  51. Ke3  Qe5+  52. Kd2  Nxd3  53. Qxd3  Ke7  54. Qc4  Qd5+  55. Qxd5  exd5  56. b4  Kd7  57. Ke3  Kc6  58. Kd4  f6  59. f4  g6  60. Kc3  g5  61. fxg5  fxg5  62. Kd4  g4  63. Ke3  a5  64. bxa5  Kxc5   0-1

[Event "2021 FIDE Online Olympiad"]
[Site "Chess.com"]
[Date "2021.09.03"]
[Round "6"]
[Board "6"]
[White "Nur Abidah, Shanti"]
[Black "Middleton, Jody"]
[Result "1-0"]
[WhiteElo "1908"]
[BlackElo "1850"]
[PlyCount "159"]
[EventDate "2021.09.02"]
[EventType "team"]
[EventRounds "9"]
[EventCountry "FID"]
[WhiteTeam "Indonesia"]
[BlackTeam "Australia"]

1. e4  e6  2. d4  d5  3. exd5  exd5  4. Nf3  Bd6  5. Bd3  Nc6  6. c3  Nge7  7. O-O  h6  8. Nbd2  O-O  9. Re1  Bg4  10. Nf1  Qd7  11. Ne3  Bh5  12. h3  Rfe8  13. Bd2  Nd8  14. Be2  Bg6  15. Nh4  Bh7  16. Bg4  Qb5  17. b3  c6  18. Nef5  Ba3  19. b4  Ne6  20. Nd6  Qd3  21. Re3  Qc2  22. Nxe8  Rxe8  23. Qxc2  Bxc2  24. Bxe6  fxe6  25. Rxe6  Kf7  26. Re3  a5  27. Rae1  axb4  28. cxb4  Bb2  29. Bc3  Bxc3  30. Rxc3  Be4  31. f3  Bh7  32. g4  g5  33. Ng2  Ra8  34. Rce3  Ng6  35. a3  Rc8  36. Kf2  b6  37. Rc3  c5  38. bxc5  bxc5  39. Rxc5  Rxc5  40. dxc5  Ne7  41. f4  Nc6  42. f5  h5  43. Ne3  d4  44. Nc4  hxg4  45. hxg4  Bg8  46. Ne5+  Nxe5  47. Rxe5  Kf6  48. Re1  d3  49. Ke3  Bc4  50. Kd2  Ba6  51. c6  Kf7  52. c7  Bb7  53. c8=Q  Bxc8  54. Kxd3  Ba6+  55. Kd4  Bb7  56. Ke5  Bf3  57. Rg1  Ke7  58. a4  Kf7  59. a5  Be2  60. Rg2  Ba6  61. Rd2  Ke8  62. Rd6  Be2  63. Rg6  Bxg4  64. Rxg5  Bf3  65. Rg7  Kf8  66. f6  Bh1  67. Ke6  Bf3  68. Rc7  Bg4+  69. Ke5  Bf3  70. a6  Bg2  71. a7  Bf3  72. Rc8+  Kf7  73. a8=Q  Bxa8  74. Rxa8  Kg6  75. Ke6  Kg5  76. f7  Kg6  77. f8=Q  Kh7  78. Ra7+  Kg6  79. Qg8+  Kh6  80. Rh7#   1-0

[Event "2021 FIDE Online Olympiad"]
[Site "Chess.com"]
[Date "2021.09.03"]
[Round "6"]
[Board "2"]
[White "Hsu, Li Yang"]
[Black "Salman, Samer"]
[Result "1-0"]
[WhiteElo "2427"]
[BlackElo "1759"]
[PlyCount "91"]
[EventDate "2021.09.02"]
[EventType "team"]
[EventRounds "9"]
[EventCountry "FID"]
[WhiteTeam "Singapore"]
[BlackTeam "Lebanon"]

1. d4  Nf6  2. c4  g6  3. Nc3  Bg7  4. Nf3  d6  5. e4  O-O  6. Be2  e5  7. Be3  Bg4  8. d5  a5  9. O-O  Nbd7  10. a3  Nh5  11. g3  h6  12. Kg2  f5  13. exf5  gxf5  14. Nh4  Bxe2  15. Qxe2  Nf4+  16. Bxf4  exf4  17. Qe6+  Kh7  18. Qg6+  Kh8  19. Nxf5  f3+  20. Kg1  Qg5  21. Qxg7+  Qxg7  22. Nxg7  Kxg7  23. Nb5  Rac8  24. Rfe1  Rf7  25. Re4  Nc5  26. Re3  a4  27. Rae1  Rd8  28. Nd4  c6  29. dxc6  bxc6  30. Nxc6  Rc8  31. Nd4  Nd7  32. Re7  Ne5  33. Nf5+  Kf6  34. R1xe5  Rxe7  35. Nxe7  Re8  36. Re3  Rxe7  37. Rxe7  Kxe7  38. g4  Ke6  39. h4  Ke5  40. Kh2  Kd4  41. Kg3  Kxc4  42. g5  hxg5  43. h5  d5  44. h6  d4  45. h7  d3  46. h8=Q   1-0

[Event "2021 FIDE Online Olympiad"]
[Site "Chess.com"]
[Date "2021.09.03"]
[Round "6"]
[Board "3"]
[White "Mouradian, Knarik"]
[Black "Gong, Qianyun"]
[Result "1/2-1/2"]
[WhiteElo "2148"]
[BlackElo "2322"]
[PlyCount "184"]
[EventDate "2021.09.02"]
[EventType "team"]
[EventRounds "9"]
[EventCountry "FID"]
[WhiteTeam "Lebanon"]
[BlackTeam "Singapore"]

1. e4  e6  2. d3  c5  3. Nf3  Nc6  4. g3  g6  5. Bg2  Bg7  6. c3  e5  7. Be3  d6  8. O-O  Nge7  9. Qd2  O-O  10. Bh6  f5  11. Bxg7  Kxg7  12. exf5  Bxf5  13. Nh4  Be6  14. Na3  Qd7  15. Nc2  h6  16. d4  g5  17. Nf3  Bh3  18. dxc5  Bxg2  19. Kxg2  e4  20. Ng1  d5  21. Ne3  Rad8  22. Rad1  Qe6  23. b4  a6  24. Qe2  Ne5  25. f4  gxf4  26. gxf4  Nd3  27. Kh1  Nxf4  28. Qb2  Nd3  29. Qg2+  Kh7  30. Qh3  Qg6  31. Qh4  Nc6  32. Nh3  Nce5  33. Rg1  Nf3  34. Qe7+  Qf7  35. Qxf7+  Rxf7  36. Rg3  Nfe5  37. Kg2  Ng6  38. Rf1  Ngf4+  39. Nxf4  Nxf4+  40. Kh1  Rdf8  41. Rd1  Nd3  42. Kg2  Rf2+  43. Kg1  Rxa2  44. Nxd5  Rff2  45. Rf1  Rxf1+  46. Kxf1  Rf2+  47. Kg1  Rf5  48. Ne3  Re5  49. Nc4  Re6  50. Kf1  Nf4  51. Nd6  b5  52. Re3  Nd5  53. Rxe4  Rf6+  54. Ke1  Nxc3  55. Re7+  Kg6  56. Ne8  Rc6  57. Nd6  Nd5  58. Re6+  Kh7  59. Re4  a5  60. bxa5  Rxc5  61. a6  b4  62. Nb7  Rc1+  63. Kd2  Ra1  64. Rd4  Nf6  65. Nc5  Ra5  66. Nd3  Rxa6  67. Nxb4  Ra4  68. Rf4  Kg6  69. h4  Ra3  70. Nd3  Ra2+  71. Ke1  Ra5  72. Kf2  h5  73. Kg2  Rd5  74. Nf2  Rd2  75. Kg3  Ra2  76. Ne4  Ra3+  77. Kg2  Ng4  78. Ng5  Ne3+  79. Kf2  Nf5  80. Rb4  Nxh4  81. Rxh4  Kxg5  82. Rb4  Ra2+  83. Kf3  Ra3+  84. Kf2  h4  85. Kg2  Ra2+  86. Kh3  Ra3+  87. Kg2  Rg3+  88. Kh2  Re3  89. Rb5+  Kg4  90. Rb4+  Kg5  91. Rb5+  Kg4  92. Rb4+  Kg5   1/2-1/2

[Event "2021 FIDE Online Olympiad"]
[Site "Chess.com"]
[Date "2021.09.03"]
[Round "6"]
[Board "4"]
[White "Hng, Mei-Xian Eunice"]
[Black "Bedrosian, Danielle"]
[Result "1-0"]
[WhiteElo "1486"]
[BlackElo "1668"]
[PlyCount "85"]
[EventDate "2021.09.02"]
[EventType "team"]
[EventRounds "9"]
[EventCountry "FID"]
[WhiteTeam "Singapore"]
[BlackTeam "Lebanon"]

1. e4 b6 2. d4 Bb7 3. Nc3 g6 4. Nf3 Bg7 5. Bc4 d6 6. O-O e6 7. Bg5 Ne7 8. Qd2
h6 9. Bh4 Nd7 10. Rfe1 g5 11. Bg3 a6 12. a4 O-O 13. Nd1 Ng6 14. Ra3 e5 15. d5
Nf6 16. Bd3 Nh5 17. Ne3 Ngf4 18. Nf5 Bc8 19. Bf1 Bxf5 20. exf5 Bf6 21. h3 Qd7
22. Bh2 Qxf5 23. g4 Qg6 24. gxh5 Qxh5 25. Bxf4 gxf4 26. Kh2 Kh8 27. Be2 Rg8 28.
Rg1 Rxg1 29. Nxg1 Qh4 30. Bg4 h5 31. Nf3 hxg4 32. Nxh4 Bxh4 33. hxg4 Kg7 34.
Rh3 Bf6 35. Qd3 Rh8 36. Rxh8 Kxh8 37. Qf5 Kg7 38. Qd7 Kg6 39. Qxc7 Kg5 40. Qxd6
Bg7 41. Qe7+ Kg6 42. d6 e4 43. Qxe4+  1-0

[Event "2021 FIDE Online Olympiad"]
[Site "Chess.com"]
[Date "2021.09.03"]
[Round "6"]
[Board "5"]
[White "Arkadan, Adib"]
[Black "Lee, Qing Aun"]
[Result "0-1"]
[WhiteElo "1786"]
[BlackElo "2049"]
[PlyCount "84"]
[EventDate "2021.09.02"]
[EventType "team"]
[EventRounds "9"]
[EventCountry "FID"]
[WhiteTeam "Lebanon"]
[BlackTeam "Singapore"]

1. e4  c5  2. Nf3  Nc6  3. g3  g6  4. Bg2  Bg7  5. d3  e5  6. O-O  Nge7  7. c3  O-O  8. a3  a5  9. a4  d6  10. Na3  h6  11. Re1  f5  12. Nc4  Be6  13. Nfd2  f4  14. f3  Rb8  15. g4  Bf6  16. Nf1  Kg7  17. Bd2  h5  18. h3  hxg4  19. hxg4  Rh8  20. Re2  Rh6  21. Be1  Qd7  22. Nh2  Rbh8  23. Bh1  Rh3  24. Rg2  Bg5  25. b3  Ng8  26. Nb6  Qd8  27. Nd5  Nf6  28. Nxf6  Qxf6  29. Raa2  Qf7  30. Rab2  Rb8  31. b4  axb4  32. cxb4  Nd4  33. Bc3  Rbh8  34. Bxd4  cxd4  35. b5  Bh4  36. Rbd2  Bg3  37. b6  Qe7  38. Qc2  Rc8  39. Qb2  Qh4  40. a5  Bxh2+  41. Rxh2  Qe1+  42. Kg2  Rg3#   0-1

[Event "2021 FIDE Online Olympiad"]
[Site "Chess.com"]
[Date "2021.09.03"]
[Round "6"]
[Board "6"]
[White "Fang, Kun"]
[Black "Assoum, Nour"]
[Result "1-0"]
[WhiteElo "1474"]
[BlackElo "1400"]
[PlyCount "55"]
[EventDate "2021.09.02"]
[EventType "team"]
[EventRounds "9"]
[EventCountry "FID"]
[WhiteTeam "Singapore"]
[BlackTeam "Lebanon"]

1. e4  e5  2. Nf3  Nc6  3. Bb5  a6  4. Ba4  Nf6  5. O-O  Bc5  6. c3  b5  7. Bc2  O-O  8. d4  Bd6  9. Re1  Re8  10. Bg5  h6  11. Bh4  Bb7  12. Nbd2  b4  13. Nc4  bxc3  14. bxc3  Qe7  15. Ne3  Qd8  16. Nf5  Bf8  17. dxe5  Nxe5  18. Nxe5  Rxe5  19. f4  Re8  20. e5  Bc5+  21. Kh1  Bf2  22. Bxf2  Bd5  23. exf6  Be6  24. Nxg7  Qxf6  25. Nxe8  Rxe8  26. Qd3  c5  27. Qh7+  Kf8  28. Bxc5+   1-0

[Event "2021 FIDE Online Olympiad"]
[Site "Chess.com"]
[Date "2021.09.04"]
[Round "7"]
[Board "1"]
[White "Tin, Jingyao"]
[Black "Song, Raymond"]
[Result "1-0"]
[WhiteElo "2352"]
[BlackElo "2254"]
[PlyCount "185"]
[EventDate "2021.09.02"]
[EventType "team"]
[EventRounds "9"]
[EventCountry "FID"]
[WhiteTeam "Singapore"]
[BlackTeam "Chinese Taipei"]

1. d4  Nf6  2. c4  e6  3. Nf3  d5  4. Nc3  Bb4  5. cxd5  exd5  6. Bg5  h6  7. Bh4  O-O  8. e3  Bf5  9. Qb3  Bxc3+  10. Qxc3  Nbd7  11. Be2  c6  12. O-O  Ne4  13. Bxd8  Nxc3  14. bxc3  Rfxd8  15. c4  dxc4  16. Bxc4  c5  17. Rfc1  cxd4  18. Nxd4  Bg6  19. Bd5  Ne5  20. Bxb7  Rab8  21. Rc7  Rd7  22. Rxd7  Nxd7  23. Bd5  Ne5  24. h3  Nd3  25. Nc6  Rb2  26. Nxa7  Nxf2  27. Nc6  Be4  28. a4  Bxd5  29. Ne7+  Kh7  30. Nxd5  Rd2  31. Nc3  Nd3  32. a5  Nc5  33. a6  Nxa6  34. Rxa6  Rd3  35. Rc6  Rxe3  36. Kf2  Rd3  37. Rc7  Kg6  38. Ne2  Ra3  39. Nf4+  Kf6  40. Rc6+  Kg5  41. Nd5  h5  42. Rc5  Ra2+  43. Kg1  Ra1+  44. Kh2  g6  45. Rc7  Rf1  46. Ne3  Rf6  47. Re7  Kh6  48. Kg3  Kg7  49. Nd5  Rf1  50. Ne3  Rf6  51. Ra7  Re6  52. Nc4  Rf6  53. Rc7  Rf1  54. Nd6  Kg8  55. Rc4  Rf6  56. Rd4  Re6  57. Kf4  Kg7  58. Ne4  Ra6  59. g3  Ra5  60. Rd7  Rf5+  61. Ke3  Rf1  62. Ke2  Rf5  63. Nd6  Re5+  64. Kf3  Kf6  65. Rxf7+  Ke6  66. Nc4  Re1  67. Rf4  Rf1+  68. Kg2  Rc1  69. Ne3  Rc3  70. Kf2  Ra3  71. h4  Rb3  72. Re4+  Kf6  73. Nd5+  Kf5  74. Re3  Rb2+  75. Kf3  Rb1  76. Ra3  Rf1+  77. Kg2  Rb1  78. Rf3+  Ke5  79. Nf4  Rb2+  80. Rf2  Rb6  81. Nh3  Ra6  82. Ng5  Rb6  83. Kh3  Ra6  84. Rf8  Rb6  85. Nf3+  Ke4  86. Rf4+  Kd5  87. g4  Rb1  88. g5  Rb3  89. Kg3  Rb6  90. Rf6  Rxf6  91. gxf6  Ke6  92. Kf4  g5+  93. Kxg5   1-0

[Event "2021 FIDE Online Olympiad"]
[Site "Chess.com"]
[Date "2021.09.04"]
[Round "7"]
[Board "2"]
[White "Liu, Yeh Yang"]
[Black "Liu, Xiangyi"]
[Result "0-1"]
[WhiteElo "2004"]
[BlackElo "2178"]
[PlyCount "70"]
[EventDate "2021.09.02"]
[EventType "team"]
[EventRounds "9"]
[EventCountry "FID"]
[WhiteTeam "Chinese Taipei"]
[BlackTeam "Singapore"]

1. e4  e6  2. d4  d5  3. Nc3  Bb4  4. a3  Bxc3+  5. bxc3  dxe4  6. Qg4  Nf6  7. Qxg7  Rg8  8. Qh6  Rg6  9. Qd2  c5  10. Ne2  Nc6  11. dxc5  Qa5  12. Nd4  Bd7  13. Nb5  O-O-O  14. Nd6+  Kb8  15. Rb1  Bc8  16. Rb5  Qc7  17. Qf4  e5  18. Qh4  Nd5  19. Bd2  Rgxd6  20. cxd6  Qxd6  21. Rb1  Ndb4  22. Qxd8  Nxc2+  23. Kd1  Qxd8  24. Kxc2  e3  25. Bxe3  Bf5+  26. Kc1  Qa5  27. Rb3  Qa4  28. Kb2  Na5  29. Rb4  Qc2+  30. Ka1  Qxc3+  31. Ka2  Qc2+  32. Ka1  Nb3+  33. Rxb3  Qxb3  34. Bc4  Qxa3+  35. Ba2  Qc3#   0-1

[Event "2021 FIDE Online Olympiad"]
[Site "Chess.com"]
[Date "2021.09.04"]
[Round "7"]
[Board "3"]
[White "Liu, Yang Hazel"]
[Black "Chen, Chi"]
[Result "1-0"]
[WhiteElo "2065"]
[BlackElo "1353"]
[PlyCount "61"]
[EventDate "2021.09.02"]
[EventType "team"]
[EventRounds "9"]
[EventCountry "FID"]
[WhiteTeam "Singapore"]
[BlackTeam "Chinese Taipei"]

1. d4  e6  2. Bf4  Nf6  3. Nc3  Bb4  4. Qd3  Nd5  5. Bd2  Nxc3  6. bxc3  Be7  7. e4  b6  8. Qg3  g6  9. Nf3  d6  10. Bd3  Nd7  11. O-O  Bf6  12. e5  dxe5  13. dxe5  Be7  14. Be4  Rb8  15. Bh6  Bb7  16. Bxb7  Rxb7  17. Nd4  c5  18. Nc6  Qc7  19. Nxe7  Kxe7  20. Qg5+  Ke8  21. Rfe1  Nb8  22. Bg7  Rg8  23. Qh6  Kd7  24. Red1+  Kc6  25. Rd6+  Kb5  26. c4+  Kxc4  27. Qe3  Kb5  28. Qb3+  Ka5  29. Qa3+  Kb5  30. Rb1+  Kc4  31. Qd3#   1-0

[Event "2021 FIDE Online Olympiad"]
[Site "Chess.com"]
[Date "2021.09.04"]
[Round "7"]
[Board "4"]
[White "Shih, Ching-An"]
[Black "Hng, Mei-Xian Eunice"]
[Result "0-1"]
[WhiteElo "1680"]
[BlackElo "1486"]
[PlyCount "88"]
[EventDate "2021.09.02"]
[EventType "team"]
[EventRounds "9"]
[EventCountry "FID"]
[WhiteTeam "Chinese Taipei"]
[BlackTeam "Singapore"]

1. Nf3  g6  2. d4  Bg7  3. e4  d6  4. c3  Nf6  5. Bd3  O-O  6. h3  a6  7. O-O  b5  8. a4  c6  9. axb5  cxb5  10. e5  dxe5  11. dxe5  Nd5  12. Bxb5  Bb7  13. Be2  Nc6  14. e6  fxe6  15. Na3  Qc7  16. Nc4  Rad8  17. Qb3  Rb8  18. Ne3  Nf4  19. Qc4  Nxe2+  20. Qxe2  Ne5  21. Nxe5  Qxe5  22. Re1  Rbd8  23. Bd2  Qe4  24. f3  Qh4  25. Ng4  Rd6  26. Be3  Qh5  27. Rf1  h6  28. Bc5  Qxc5+  29. Kh1  h5  30. Nf2  Kh7  31. Ne4  Bxe4  32. Qxe4  Qd5  33. Qb4  Qb5  34. Qa3  Rfd8  35. Rae1  Qf5  36. Qb4  Qg5  37. f4  Qg3  38. Qe4  Rd2  39. Re3  Qh4  40. Qxe6  Rd1  41. Rxd1  Rxd1+  42. Kh2  Qxf4+  43. Rg3  Rd6  44. Qxe7  h4   0-1

[Event "2021 FIDE Online Olympiad"]
[Site "Chess.com"]
[Date "2021.09.04"]
[Round "7"]
[Board "5"]
[White "Wong, Zhenyong Jayden"]
[Black "Bai, Adelard"]
[Result "0-1"]
[WhiteElo "1711"]
[BlackElo "1720"]
[PlyCount "88"]
[EventDate "2021.09.02"]
[EventType "team"]
[EventRounds "9"]
[EventCountry "FID"]
[WhiteTeam "Singapore"]
[BlackTeam "Chinese Taipei"]

1. c4  e5  2. Nc3  Nc6  3. Nf3  g6  4. d4  exd4  5. Nxd4  Bg7  6. Nxc6  bxc6  7. g3  Ne7  8. Bg2  O-O  9. O-O  Nf5  10. Qd2  Qf6  11. Rb1  Re8  12. Ne4  Qd4  13. Qc2  Qb6  14. Bg5  Rb8  15. b3  c5  16. Rbd1  Nd4  17. Qd2  Bb7  18. Nc3  Qa5  19. Nb5  Qxd2  20. Rxd2  Bxg2  21. Kxg2  Nxb5  22. cxb5  d6  23. a4  a6  24. bxa6  Rxb3  25. Ra2  Ra8  26. Rd1  h6  27. Be3  Rxa6  28. Rd3  c4  29. Rd5  Kf8  30. Bd4  Bxd4  31. Rxd4  Rb4  32. a5  Ke7  33. Rc2  Rxa5  34. Rdxc4  Rxc4  35. Rxc4  c5  36. e4  d5  37. exd5  Kd6  38. Rf4  Ra7  39. h4  Kxd5  40. h5  c4  41. hxg6  fxg6  42. Rf8  Rc7  43. Kf3  c3  44. Rd8+  Kc4   0-1

[Event "2021 FIDE Online Olympiad"]
[Site "Chess.com"]
[Date "2021.09.04"]
[Round "7"]
[Board "6"]
[White "Weng, Yu-Hsin"]
[Black "Fang, Kun"]
[Result "0-1"]
[WhiteElo "1000"]
[BlackElo "1474"]
[PlyCount "126"]
[EventDate "2021.09.02"]
[EventType "team"]
[EventRounds "9"]
[EventCountry "FID"]
[WhiteTeam "Chinese Taipei"]
[BlackTeam "Singapore"]

1. d4  d5  2. Nf3  Nf6  3. c4  c6  4. Nc3  dxc4  5. a4  Bf5  6. e3  e6  7. Bxc4  Bb4  8. O-O  Nbd7  9. Qe2  Bg6  10. Rd1  O-O  11. Ne5  Nxe5  12. dxe5  Nd7  13. Na2  Be7  14. b4  Qc7  15. f4  Nb6  16. Bb3  a5  17. b5  Rfd8  18. Bb2  Bc5  19. Rac1  Rxd1+  20. Rxd1  Nd5  21. Bd4  Qb6  22. Bxd5  cxd5  23. Qd2  h6  24. Rc1  Bxd4  25. Qxd4  Qxd4  26. exd4  Kf8  27. Kf2  Ke8  28. g4  Kd7  29. h4  Rc8  30. Ke3  Rxc1  31. Nxc1  Bc2  32. g5  Bxa4  33. gxh6  gxh6  34. Ne2  Bxb5  35. Ng3  a4  36. Kd2  a3  37. Kc2  Bc4  38. Kb1  b5  39. Nh5  b4  40. Nf6+  Ke7  41. Ng8+  Kf8  42. Nxh6  b3  43. Ng4  b2  44. Nf6  Bd3+  45. Ka2  b1=Q+  46. Kxa3  Bc4  47. Nd7+  Kg7  48. Nc5  Qa2+  49. Kb4  Qd2+  50. Ka4  Qxf4  51. Kb4  Qxd4  52. Nd7  Bd3+  53. Ka5  Qxh4  54. Kb6  Qd8+  55. Kc6  Bb5+  56. Kxb5  Qxd7+  57. Kc5  d4  58. Kb4  d3  59. Kc3  d2  60. Kb2  d1=Q  61. Kc3  Qc1+  62. Kb4  Qb7+  63. Ka4  Qa1#   0-1

[Event "2021 FIDE Online Olympiad"]
[Site "Chess.com"]
[Date "2021.09.04"]
[Round "7"]
[Board "2"]
[White "Antonios, Johnny"]
[Black "Ervan, Mohamad"]
[Result "0-1"]
[WhiteElo "2198"]
[BlackElo "2375"]
[PlyCount "74"]
[EventDate "2021.09.02"]
[EventType "team"]
[EventRounds "9"]
[EventCountry "FID"]
[WhiteTeam "Lebanon"]
[BlackTeam "Indonesia"]

1. e4  c5  2. Nf3  d6  3. d4  cxd4  4. Nxd4  Nf6  5. Nc3  a6  6. h3  e6  7. g4  d5  8. exd5  Nxd5  9. Ne4  Be7  10. Bg2  Qc7  11. Qf3  Bd7  12. O-O  Nc6  13. Nb3  O-O  14. c4  Ne5  15. Qg3  Nxc4  16. Qxc7  Nxc7  17. Nec5  Bc6  18. Nxb7  Bxg2  19. Kxg2  a5  20. Bf4  Nd5  21. Bg3  a4  22. N3c5  Rfc8  23. b4  Nxb4  24. Rac1  Nb6  25. a3  N4d5  26. Rfd1  h6  27. Kf1  Rc6  28. Nd3  Rxc1  29. Rxc1  Bxa3  30. Ra1  Be7  31. Bd6  Bf6  32. Ra2  Nc3  33. Rc2  a3  34. Nb4  a2  35. Nxa2  Rxa2  36. Rxa2  Nxa2  37. Nc5  Nc3   0-1

[Event "2021 FIDE Online Olympiad"]
[Site "Chess.com"]
[Date "2021.09.04"]
[Round "7"]
[Board "3"]
[White "Sukandar, Irine Kharisma"]
[Black "Mouradian, Knarik"]
[Result "1-0"]
[WhiteElo "2381"]
[BlackElo "2148"]
[PlyCount "91"]
[EventDate "2021.09.02"]
[EventType "team"]
[EventRounds "9"]
[EventCountry "FID"]
[WhiteTeam "Indonesia"]
[BlackTeam "Lebanon"]

1. e4  c5  2. Nf3  d6  3. Bb5+  Bd7  4. Bxd7+  Qxd7  5. O-O  Nc6  6. c3  Nf6  7. Re1  e6  8. d4  cxd4  9. cxd4  d5  10. e5  Ne4  11. Nbd2  Nxd2  12. Bxd2  Be7  13. Rc1  O-O  14. Qe2  Rac8  15. a3  a6  16. h3  b5  17. Qd3  Rc7  18. Rc2  Rfc8  19. Rec1  Bd8  20. g3  Ne7  21. Rc5  Rxc5  22. dxc5  Nc6  23. b4  Rb8  24. Bc3  h6  25. Qe2  Bc7  26. Rd1  Qe7  27. Nd4  Nxe5  28. f4  Nc4  29. Nc6  Qd7  30. Nxb8  Bxb8  31. Qg4  f6  32. Qf3  Qc7  33. f5  Qxg3+  34. Qxg3  Bxg3  35. fxe6  Kf8  36. Rxd5  Ke7  37. Rd7+  Kxe6  38. Rxg7  Bf4  39. Ra7  a5  40. Ra6+  Kd5  41. Rxf6  Be3+  42. Kg2  Nxa3  43. Kf3  Bg5  44. Rd6+  Kc4  45. c6  axb4  46. c7   1-0

[Event "2021 FIDE Online Olympiad"]
[Site "Chess.com"]
[Date "2021.09.04"]
[Round "7"]
[Board "4"]
[White "Jalloul, Maya"]
[Black "Aulia, Medina Warda"]
[Result "0-1"]
[WhiteElo "1876"]
[BlackElo "2344"]
[PlyCount "86"]
[EventDate "2021.09.02"]
[EventType "team"]
[EventRounds "9"]
[EventCountry "FID"]
[WhiteTeam "Lebanon"]
[BlackTeam "Indonesia"]

1. c4  e6  2. Nc3  Nf6  3. g3  d5  4. cxd5  exd5  5. Bg2  c6  6. d3  Be7  7. Nf3  O-O  8. O-O  Nbd7  9. Re1  h6  10. a3  a5  11. b3  Nc5  12. Bb2  Re8  13. Rc1  Bd7  14. Ne5  Be6  15. Nb1  a4  16. Nd2  axb3  17. Nxb3  Na4  18. Bd4  Bxa3  19. Ra1  Bb4  20. Rf1  Qd6  21. Nf3  Nd7  22. Qc2  b5  23. Rfc1  c5  24. Be3  Rac8  25. Bf4  Qb6  26. Ne5  Nxe5  27. Bxe5  d4  28. Bf4  Nc3  29. Bf3  Bxb3  30. Qxb3  Nxe2+  31. Bxe2  Rxe2  32. Qd5  Qe6  33. Qf3  Bc3  34. Ra8  Rxa8  35. Qxa8+  Kh7  36. Qf3  b4  37. Rb1  b3  38. Kf1  Re1+  39. Rxe1  Qxe1+  40. Kg2  Qe6  41. Qd1  b2  42. Qb1  Qc6+  43. Kg1  Qa4   0-1

[Event "2021 FIDE Online Olympiad"]
[Site "Chess.com"]
[Date "2021.09.04"]
[Round "7"]
[Board "5"]
[White "Tarigan, Gilbert Elroy"]
[Black "Arkadan, Adib"]
[Result "0-1"]
[WhiteElo "2084"]
[BlackElo "1786"]
[PlyCount "90"]
[EventDate "2021.09.02"]
[EventType "team"]
[EventRounds "9"]
[EventCountry "FID"]
[WhiteTeam "Indonesia"]
[BlackTeam "Lebanon"]

1. c4  e5  2. Nc3  Nc6  3. Nf3  g6  4. h4  h5  5. d3  Bg7  6. Bg5  f6  7. Bd2  Nh6  8. g3  d6  9. Bg2  O-O  10. Nd5  Ne7  11. Qc1  Ng4  12. Nh2  Nxh2  13. Rxh2  c6  14. Nxe7+  Qxe7  15. Bh6  Be6  16. Rh1  d5  17. b3  b5  18. c5  Kh7  19. Bxg7  Kxg7  20. Kd2  a5  21. a3  f5  22. Qb2  Qf6  23. f4  d4  24. Bxc6  Rac8  25. Bxb5  Rxc5  26. Bc4  Rb8  27. Rac1  Bxc4  28. Rxc4  Rxc4  29. dxc4  Qc6  30. Rc1  Qe4  31. b4  Qe3+  32. Kd1  Qxg3  33. fxe5  Qxe5  34. c5  Qd5  35. c6  axb4  36. c7  Rc8  37. axb4  Kh7  38. b5  d3  39. e3  Qf3+  40. Ke1  Qxe3+  41. Kf1  d2  42. Rb1  Qf3+  43. Kg1  d1=Q+  44. Rxd1  Qxd1+  45. Kh2  Rxc7   0-1

[Event "2021 FIDE Online Olympiad"]
[Site "Chess.com"]
[Date "2021.09.04"]
[Round "7"]
[Board "6"]
[White "Assoum, Nour"]
[Black "Latifah, Laysa"]
[Result "0-1"]
[WhiteElo "1400"]
[BlackElo "1917"]
[PlyCount "56"]
[EventDate "2021.09.02"]
[EventType "team"]
[EventRounds "9"]
[EventCountry "FID"]
[WhiteTeam "Lebanon"]
[BlackTeam "Indonesia"]

1. e4  c6  2. d4  d5  3. e5  c5  4. c3  Nc6  5. Nf3  Bg4  6. Be2  e6  7. O-O  Nge7  8. dxc5  Ng6  9. Bg5  Be7  10. Bxe7  Qxe7  11. Re1  O-O  12. Nbd2  Qxc5  13. h3  Bxf3  14. Nxf3  Ncxe5  15. Qd2  Nxf3+  16. Bxf3  Rad8  17. Rac1  Rfe8  18. Bh5  b5  19. Re3  Ne7  20. Rf3  Rf8  21. Qg5  h6  22. Qd2  d4  23. Rg3  Qxh5  24. cxd4  Qd5  25. Rc5  Qxc5  26. Qxh6  Qxd4  27. Rg4  Qxg4  28. hxg4  gxh6   0-1